000 00684nam a2200289Ia 4500
005 20260324135123.0
008 008 260324s9999 xx 000 0 eng d
020 _a9780429236440
037 _aEBOOK
040 _aCRL
040 _beng
040 _cCRL
041 _2eng
041 _aeng
084 _qCRL
100 _aG. H. R. Tillotson
_91199410
245 4 _aThe Artificial Empire
245 4 _bThe Indian Landscapes of William Hodges
260 _bTaylor and Francis
260 _c2000
365 _a
365 _b230
856 _uhttp://www.taylorfrancis.com/books/9780429236440
942 _cEBOOK
999 _c1800159
_d1800159